Statistics for The Land Of Stories

Click here to take the quiz!

General Stats

  • This quiz has been taken 4 times
  • The average score is 11 of 15

Answer Stats

HintAnswer% Correct
# of Books6
100%
______ CampbellBree
100%
The Green FairyEmerelda
100%
# of Charming Brothers4
75%
# of Kingdoms8
75%
Future Fairy GodMotherAlex Bailey
75%
The Author??Chris Colfer
75%
ButterboyConner Bailey
75%
The ______ ArmeeGrande
75%
Mindy, Lindy, Cindy, WendyThe Book Huggers
75%
The EnchantressEzmia
50%
Cinderella's StepmotherLady Iris
50%
1st Wishing Spell ItemRapunzel's Hair
50%
Queen of TroblinsTrollbella
50%
Emmerich ________Himmelsbach
25%

Score Distribution

Percentile by Number Answered

Percent of People with Each Score

Your Score History

You have not taken this quiz